000 00733cam a22002531 4500
001 sa 68000634
003 DLC
005 20260227112425.0
008 710901s1967 ii b 000 0 eng
010 _asa 68000634
025 _aPL480:I-E-8712
040 _aDLC
_cDLC
_dDLC
043 _aa-ii---
050 0 0 _aHD6812
_b.R34
082 0 0 _a331.88/0954
100 1 _aRamanujam, G.,
_d1916-
245 1 0 _aFrom the babul tree;
_bstory of Indian labour,
_cby G. Ramanujam.
260 _aNew Delhi,
_bIndian National Trade Union Congress,
_c1967.
300 _axv, 252 p.
_c22 cm.
350 _aRs25
504 _aBibliographical footnotes.
650 0 _aLabor unions
_zIndia
_xHistory.
650 0 _aLabor movement
_zIndia
_xHistory.
999 _c77347
_d77347